000 00343nam a2200145Ia 4500
008 150201s1997 xx 000 0 und d
082 _a618
_bO1997C
100 _aCHIN
245 _aON CALL OBSTETRICS & GYNEOCOLOGY
250 _a1ST
260 _bSAUNDERS
_aPHILADELPHIA
_c1997
300 _a1-391
650 _aGYNAECOLOGY
942 _2ddc
_cBK
999 _c4049
_d4049